[Event "14th EUR-ch"]
[Site "Legnica POL"]
[Date "2013.05.14"]
[Round "9"]
[White "Pavlidis, Antonios"]
[Black "Gaehwiler, Gabriel"]
[Result "1-0"]
[WhiteElo "2479"]
[BlackElo "2288"]
[EventDate "2013.05.05"]
[PlyCount "81"]

1.e4 c5 2.Nc3 d6 3.Nge2 Nf6 4.g3 g6 5.Bg2 Bg7 6.O-O O-O 7.d4 cxd4 8.Nxd4 
Nc6 9.Nde2 Rb8 10.a4 b6 11.h3 Bb7 12.Nd5 e6 13.Ndc3 Qe7 14.Bf4 Rbd8 15.Qc1
d5 16.exd5 exd5 17.Re1 Qd7 18.Rd1 d4 19.Be3 Ne5 20.Rxd4 Qc8 21.Qf1 Nf3+ 
22.Bxf3 Bxf3 23.Rad1 Rde8 24.Kh2 h5 25.Rf4 Ba8 26.Bd4 Re6 27.a5 Rfe8 28.
axb6 g5 29.Rf5 Ng4+ 30.hxg4 hxg4 31.Bxg7 Kxg7 32.Rxg5+ Rg6 33.Rh5 Rh8 34.
Nf4 Rg5 35.Rh4 Qb8 36.Qc4 Rxh4+ 37.gxh4 Rf5 38.Qd4+ Kh7 39.Kg3 Qb7 40.Ncd5
axb6 41.Qe4 1-0

[Event "14th EUR-ch"]
[Site "Legnica POL"]
[Date "2013.05.14"]
[Round "9"]
[White "Izzat, Kanan"]
[Black "Cernousek, Lukas"]
[Result "1-0"]
[WhiteElo "2322"]
[BlackElo "2476"]
[EventDate "2013.05.05"]
[PlyCount "65"]

1.d4 Nf6 2.c4 c5 3.d5 e6 4.Nc3 exd5 5.cxd5 d6 6.Nf3 g6 7.Nd2 Bg7 8.e4 O-O 
9.Be2 Re8 10.O-O a6 11.a4 Nbd7 12.h3 Rb8 13.Qc2 Qc7 14.Re1 c4 15.a5 b5 16.
axb6 Nxb6 17.Na4 Nfd7 18.Nxb6 Nxb6 19.Nxc4 Nxc4 20.Qxc4 Qe7 21.Bf4 Rxb2 
22.Rac1 Be5 23.Be3 Qh4 24.Qa4 Rf8 25.Bf1 f5 26.Bxa6 f4 27.Bd4 Bxh3 28.gxh3
Qxh3 29.Bc8 Rxc8 30.Rxc8+ Kg7 31.Bxe5+ dxe5 32.Rc7+ Kf6 33.Qd7 1-0

[Event "14th EUR-ch"]
[Site "Legnica POL"]
[Date "2013.05.14"]
[Round "9"]
[White "Cherednichenko, Svetlana"]
[Black "Sipila, Vilka"]
[Result "1-0"]
[WhiteElo "2274"]
[BlackElo "2445"]
[EventDate "2013.05.05"]
[PlyCount "55"]

1.d4 f5 2.Bg5 Nf6 3.h4 c5 4.e3 Ne4 5.Nf3 Qb6 6.Nbd2 Nxd2 7.Qxd2 Qxb2 8.Rd1
e6 9.d5 c4 10.c3 Qxd2+ 11.Rxd2 h6 12.Bf4 b5 13.Nd4 b4 14.Bxc4 bxc3 15.Rc2 
Ba6 16.Bxa6 Nxa6 17.dxe6 Rc8 18.exd7+ Kxd7 19.O-O Nb4 20.Re2 Rc5 21.Rb1 
Ra5 22.Rb3 Nxa2 23.Rb7+ Ke8 24.e4 Ra6 25.exf5+ Kd8 26.Ne6+ Rxe6 27.fxe6 
Be7 28.Rb8# 1-0

[Event "14th EUR-ch"]
[Site "Legnica POL"]
[Date "2013.05.14"]
[Round "9"]
[White "Svana, Peter"]
[Black "Anton, Teodor"]
[Result "0-1"]
[WhiteElo "2255"]
[BlackElo "2441"]
[EventDate "2013.05.05"]
[PlyCount "146"]

1.e4 g6 2.d4 Bg7 3.Nc3 d6 4.Be3 Nd7 5.Qd2 c6 6.f4 Ngf6 7.Nf3 b5 8.e5 Ng4 
9.Bg1 d5 10.Bd3 Nb6 11.h3 Nh6 12.g4 f5 13.exf6 exf6 14.Qe3+ Kf7 15.O-O-O 
b4 16.Ne2 Nc4 17.Qf2 Re8 18.Ng3 Kg8 19.Nd2 Nxd2 20.Qxd2 Qa5 21.Kb1 f5 22.
gxf5 Nxf5 23.Nxf5 Bxf5 24.Bxf5 gxf5 25.Qg2 Re6 26.Qg5 Rf8 27.Bf2 Qd8 28.
Qh5 Qe8 29.Qf3 Re4 30.Rhg1 Kh8 31.Rg3 Bh6 32.Be3 Rg8 33.Bc1 Rxg3 34.Qxg3 
Bg7 35.Qg5 Qf8 36.Qg1 Qf6 37.Qf1 Qe6 38.Qa6 Bxd4 39.Qb7 c5 40.Qxa7 Re2 41.
a4 Qe4 42.Rd3 Rg2 43.Ka2 Rg7 44.Qb6 b3+ 45.Qxb3 c4 46.Qb8+ Rg8 47.Rxd4 
Rxb8 48.Rxe4 fxe4 49.Be3 Kg7 50.Ka3 Kf6 51.b4 cxb3 52.cxb3 Kf5 53.b4 Rd8 
54.Bb6 Rc8 55.b5 Kxf4 56.a5 e3 57.a6 e2 58.Bf2 Kf3 59.Bh4 Rc4 60.Be1 Rc1 
61.Bh4 Rc3+ 62.Ka2 Rc4 63.Be1 Rc1 64.Bb4 Rc4 65.Be1 Rc1 66.Bb4 Rc2+ 67.Ka1
Rc4 68.Bd2 Ke4 69.Kb2 Kd3 70.Be1 Rc2+ 71.Kb1 Rd2 72.Bh4 Kc4 73.b6 Kb3 0-1

[Event "14th EUR-ch"]
[Site "Legnica POL"]
[Date "2013.05.14"]
[Round "9"]
[White "Svane, Rasmus"]
[Black "Rindlisbacher, Jan"]
[Result "1-0"]
[WhiteElo "2440"]
[BlackElo "2241"]
[EventDate "2013.05.05"]
[PlyCount "109"]

1.Nf3 Nf6 2.c4 e6 3.g3 b6 4.Bg2 Bb7 5.O-O c5 6.d4 cxd4 7.Qxd4 Be7 8.Nc3 
O-O 9.Bg5 d5 10.cxd5 Nxd5 11.Nxd5 Bxd5 12.Bxe7 Qxe7 13.Rfc1 Rd8 14.Qa4 Qb7
15.Qf4 Na6 16.b4 f6 17.a3 e5 18.Qe3 Nc7 19.Rc2 Ne6 20.Rac1 Rac8 21.Rxc8 
Rxc8 22.h4 Kf8 23.Rxc8+ Qxc8 24.Kh2 Bxf3 25.Qxf3 Nd4 26.Qe4 g6 27.e3 Ne6 
28.Qd5 Ke7 29.Bh3 Qd7 30.Qe4 Qc7 31.Qa8 f5 32.Bg2 Kf6 33.Qh8+ Qg7 34.Qd8+ 
Qe7 35.Qh8+ Qg7 36.Qe8 Qe7 37.Qb5 h6 38.Bf1 g5 39.hxg5+ hxg5 40.Bc4 Qc7 
41.Qd5 Qf7 42.g4 f4 43.Kg2 Qe7 44.Qc6 Kf7 45.Kf3 Kf6 46.Bb3 Qf7 47.b5 Qe7 
48.Bxe6 Qxe6 49.Qxe6+ Kxe6 50.exf4 exf4 51.Ke4 Kd6 52.Kf5 Kd5 53.Kxg5 Ke4 
54.Kf6 Kf3 55.Kf5 1-0

[Event "14th EUR-ch"]
[Site "Legnica POL"]
[Date "2013.05.14"]
[Round "9"]
[White "Leiber, Bernard"]
[Black "Hnydiuk, Aleksander"]
[Result "0-1"]
[WhiteElo "2209"]
[BlackElo "2409"]
[EventDate "2013.05.05"]
[PlyCount "42"]

1.d4 d5 2.Nf3 Nf6 3.g3 c6 4.Bg2 Bf5 5.Nbd2 h6 6.c4 e6 7.O-O Nbd7 8.a3 a5 
9.Nh4 Bh7 10.f4 Be7 11.f5 O-O 12.e4 Nxe4 13.Nxe4 dxe4 14.fxe6 fxe6 15.Qg4 
Rxf1+ 16.Bxf1 Nf8 17.Be3 Bg5 18.Bxg5 hxg5 19.Ng2 Qxd4+ 20.Kh1 Qxb2 21.Qd1 
Qf6 0-1

[Event "14th EUR-ch"]
[Site "Legnica POL"]
[Date "2013.05.14"]
[Round "9"]
[White "Huber, Martin Christian"]
[Black "Manea, Alexandru"]
[Result "1/2-1/2"]
[WhiteElo "2176"]
[BlackElo "2389"]
[EventDate "2013.05.05"]
[PlyCount "77"]

1.Nf3 d5 2.d4 c6 3.c4 dxc4 4.a4 Nf6 5.Nc3 Bf5 6.Ne5 Nbd7 7.Nxc4 Nb6 8.Ne5 
Nbd7 9.Nc4 Qc7 10.g3 e5 11.dxe5 Nxe5 12.Bf4 Nfd7 13.Bg2 g5 14.Ne3 gxf4 15.
Nxf5 O-O-O 16.Qc2 Nc5 17.O-O fxg3 18.hxg3 a5 19.Ne4 Nxe4 20.Qxe4 Kb8 21.
Rac1 Bb4 22.Rc2 h5 23.Rfc1 Rd2 24.Rxd2 Bxd2 25.Rc5 Nd7 26.Rc2 Bb4 27.Nd4 
Ne5 28.e3 Rc8 29.Qf5 h4 30.gxh4 Qe7 31.Qe4 Rg8 32.f4 Ng6 33.Qxe7 Bxe7 34.
Nf5 Bxh4 35.Nd6 Rg7 36.Nf5 Rg8 37.Nd6 Rg7 38.Nf5 Rg8 39.Nd6 1/2-1/2

[Event "14th EUR-ch"]
[Site "Legnica POL"]
[Date "2013.05.14"]
[Round "9"]
[White "Schroll, Gerhard"]
[Black "Simeonidis, Ioannis"]
[Result "1-0"]
[WhiteElo "2387"]
[BlackElo "2237"]
[EventDate "2013.05.05"]
[PlyCount "91"]

1.d4 Nf6 2.c4 e6 3.Nc3 Bb4 4.e3 O-O 5.Ne2 c6 6.a3 Ba5 7.Ng3 d5 8.Bd2 Nbd7 
9.b4 Bc7 10.f4 b6 11.c5 a5 12.Bd3 Ba6 13.Bxa6 Rxa6 14.O-O axb4 15.axb4 Qa8
16.Rxa6 Qxa6 17.Qa1 Qd3 18.Rd1 bxc5 19.bxc5 Rb8 20.Nf1 h5 21.Be1 Qc2 22.
Rd2 Qb3 23.Ra2 Kh7 24.Nd2 Qb7 25.Ra7 Qc8 26.h3 g6 27.Qa4 Rb7 28.Qa6 Rb8 
29.Qxc6 Bxf4 30.Qxc8 Bxe3+ 31.Bf2 Bxf2+ 32.Kxf2 Rxc8 33.Nb5 e5 34.Nd6 Rc6 
35.Nxf7 Kg8 36.Nxe5 Nxe5 37.dxe5 Ne4+ 38.Nxe4 dxe4 39.Ra5 Re6 40.Ke3 Rxe5 
41.Kd4 Rg5 42.Ra8+ Kf7 43.c6 e3 44.c7 e2 45.c8=Q e1=Q 46.Qf8+ 1-0

[Event "14th EUR-ch"]
[Site "Legnica POL"]
[Date "2013.05.14"]
[Round "9"]
[White "Krnic, Ivan"]
[Black "Zawadzka, Jolanta"]
[Result "0-1"]
[WhiteElo "2166"]
[BlackElo "2383"]
[EventDate "2013.05.05"]
[PlyCount "72"]

1.e4 c5 2.Nf3 e6 3.d4 cxd4 4.Nxd4 Nc6 5.Nxc6 bxc6 6.Bd3 d5 7.Nd2 Qc7 8.O-O
Bd6 9.h3 Nf6 10.Qe2 O-O 11.Re1 e5 12.b3 Re8 13.Bb2 a5 14.a4 Nd7 15.exd5 
cxd5 16.Bb5 Qxc2 17.Nf3 Qf5 18.Nd4 Qg6 19.Rac1 Rf8 20.Rxc8 Raxc8 21.Bxd7 
Rcd8 22.Bf5 Qf6 23.Nc6 Qxf5 24.Nxd8 Rxd8 25.g4 Qd7 26.Bxe5 Re8 27.Qb2 h5 
28.f3 Bc5+ 29.Kg2 d4 30.Bg3 d3 31.Rd1 Bb4 32.Qf2 Qd5 33.Qf1 d2 34.gxh5 
Qxb3 35.Rb1 Qxb1 36.Qxb1 Re1 0-1

[Event "14th EUR-ch"]
[Site "Legnica POL"]
[Date "2013.05.14"]
[Round "9"]
[White "Tomazini, Zan"]
[Black "Dubinski, Mateusz"]
[Result "1/2-1/2"]
[WhiteElo "2370"]
[BlackElo "2219"]
[EventDate "2013.05.05"]
[PlyCount "125"]

1.e4 c5 2.c3 g6 3.d4 cxd4 4.cxd4 d5 5.e5 Nc6 6.Nc3 Bg7 7.Bb5 Nh6 8.Bf4 O-O
9.Qd2 Nf5 10.Nf3 f6 11.O-O fxe5 12.dxe5 e6 13.Rfe1 Nh4 14.Nxh4 Qxh4 15.g3 
Qg4 16.Be2 Qf5 17.Bd3 Qf7 18.Nb5 g5 19.Nd6 Qd7 20.Bxg5 Nxe5 21.Rxe5 Bxe5 
22.Nxc8 Raxc8 23.Re1 Bf6 24.Bxf6 Rxf6 25.Re5 h6 26.Qe3 Qc6 27.Qd4 Qb6 28.
Qxb6 axb6 29.f4 Kf7 30.Kf2 Ke7 31.h4 Rc1 32.Kf3 Rh1 33.Re2 Kd6 34.Kg4 Rg1 
35.h5 Rd1 36.Bg6 Rf8 37.Kf3 b5 38.a3 b6 39.Bc2 Rc1 40.Bg6 Rc7 41.Re1 Re7 
42.Re5 b4 43.axb4 Ra8 44.g4 Ra1 45.g5 hxg5 46.Rxg5 e5 47.fxe5+ Rxe5 48.
Rxe5 Kxe5 49.h6 Kf6 50.h7 Rh1 51.Bc2 Kg7 52.Ke3 Rh2 53.Bd3 Rxb2 54.Kd4 Rd2
55.b5 Rd1 56.Kxd5 Rxd3+ 57.Kc6 Kxh7 58.Kxb6 Kg7 59.Kc7 Kf7 60.b6 Ke7 61.b7
Rc3+ 62.Kb6 Kd7 63.b8=Q 1/2-1/2

[Event "14th EUR-ch"]
[Site "Legnica POL"]
[Date "2013.05.14"]
[Round "9"]
[White "Vedder, Henk"]
[Black "Sabuk, Piotr"]
[Result "1-0"]
[WhiteElo "2368"]
[BlackElo "2206"]
[EventDate "2013.05.05"]
[PlyCount "99"]

1.e4 e5 2.Nf3 Nc6 3.d4 exd4 4.Nxd4 g6 5.Be3 Bg7 6.Nc3 Nf6 7.Nxc6 bxc6 8.
Qf3 O-O 9.O-O-O Re8 10.Bc4 d6 11.h3 Be6 12.Bxe6 Rxe6 13.e5 Nd5 14.Nxd5 
cxd5 15.Rxd5 Bxe5 16.Rd3 Rb8 17.Rb3 Rxb3 18.axb3 d5 19.Rd1 c6 20.c3 Qa5 
21.Kc2 Re8 22.Qg4 f5 23.Qa4 Qxa4 24.bxa4 a6 25.Kd3 Kf7 26.Bb6 Rb8 27.a5 
Bf6 28.b4 Rb7 29.Bd4 Be7 30.g4 fxg4 31.hxg4 Bd6 32.Rh1 Ke6 33.Re1+ Kf7 34.
Re3 Re7 35.Rf3+ Ke8 36.Rf6 Kd7 37.Rxd6+ Kxd6 38.Bc5+ Ke6 39.Bxe7 Kxe7 40.
g5 Ke6 41.Kd4 Kf5 42.Kc5 Kxg5 43.Kxc6 h5 44.b5 h4 45.bxa6 h3 46.a7 h2 47.
a8=Q h1=Q 48.Qd8+ Kf4 49.Qf6+ Kg4 50.Qd4+ 1-0

[Event "14th EUR-ch"]
[Site "Legnica POL"]
[Date "2013.05.14"]
[Round "9"]
[White "Kantorik, Marian"]
[Black "Szostko, Jakub"]
[Result "1-0"]
[WhiteElo "2363"]
[BlackElo "1850"]
[EventDate "2013.05.05"]
[PlyCount "87"]

1.d4 d5 2.c4 e6 3.Nc3 Nf6 4.cxd5 exd5 5.Bg5 c6 6.Qc2 h6 7.Bh4 Be7 8.e3 O-O
9.Bd3 Re8 10.Nge2 Ne4 11.Bxe7 Qxe7 12.Bxe4 dxe4 13.O-O Nd7 14.Rfd1 f5 15.
h3 Nf6 16.d5 Nxd5 17.Nxd5 cxd5 18.Rxd5 Be6 19.Rd2 Rac8 20.Qa4 a6 21.Rad1 
Rc4 22.Qa5 Rc5 23.Qa3 Rc7 24.Rd6 Rd7 25.Rxd7 Bxd7 26.Qa5 Be6 27.Nf4 Qf7 
28.b3 Re7 29.Rd8+ Kh7 30.Qb6 g5 31.Nxe6 Rxe6 32.Qd4 Re7 33.Qh8+ Kg6 34.g4 
fxg4 35.hxg4 Qf6 36.Qg8+ Rg7 37.Qe8+ Rf7 38.Qg8+ Rg7 39.Qd5 Kh7 40.Qxe4+ 
Qg6 41.Qd4 h5 42.gxh5 Qxh5 43.Qe4+ Rg6 44.Rd6 1-0

[Event "14th EUR-ch"]
[Site "Legnica POL"]
[Date "2013.05.14"]
[Round "9"]
[White "Maevsky, Nikolay"]
[Black "Cherednichenko, Elena"]
[Result "1-0"]
[WhiteElo "2323"]
[BlackElo "2168"]
[EventDate "2013.05.05"]
[PlyCount "147"]

1.Nf3 d5 2.d4 Nf6 3.c4 e6 4.Bg5 Be7 5.e3 h6 6.Bxf6 Bxf6 7.Nc3 O-O 8.Qb3 c6
9.Rd1 Nd7 10.Qc2 Qa5 11.cxd5 exd5 12.Be2 Re8 13.O-O Nf8 14.h3 Ng6 15.Rfe1 
Nh4 16.e4 dxe4 17.Nxe4 Be7 18.Nxh4 Bxh4 19.Nd6 Re7 20.d5 Qb6 21.Bf3 Rxe1+ 
22.Rxe1 Bd7 23.dxc6 bxc6 24.Re2 Bf6 25.Qc4 Rf8 26.Bh5 Qd4 27.Bxf7+ Kh8 28.
Qxd4 Bxd4 29.Bc4 Bc5 30.Nf7+ Kh7 31.Ne5 Be8 32.Bd3+ g6 33.Rc2 Bd4 34.Nf3 
Bb6 35.Re2 Bc5 36.Re5 Bd6 37.Re6 Bc5 38.b3 Bb6 39.Be4 c5 40.Re7+ Kh8 41.
Bd5 a5 42.Bc4 Bd8 43.Re5 Bc6 44.Bd5 Be8 45.Be4 a4 46.Rxc5 Bb6 47.Rc8 Kg7 
48.bxa4 Bxa4 49.Rxf8 Kxf8 50.Bxg6 Kg7 51.Be4 Bb5 52.Bd5 Kf6 53.g3 Bd7 54.
Kg2 Be8 55.Nd2 Bd4 56.f4 h5 57.Ne4+ Ke7 58.g4 hxg4 59.hxg4 Bd7 60.Kg3 Be8 
61.f5 Be5+ 62.Kh4 Bd7 63.Kg5 Bd4 64.f6+ Kf8 65.Kf4 Bb2 66.g5 Bc1+ 67.Kg3 
Bf5 68.Kh4 Ba3 69.Kh5 Bb2 70.a4 Bd7 71.a5 Bb5 72.g6 Be8 73.Kg5 Bc1+ 74.Kf5
1-0

[Event "14th EUR-ch"]
[Site "Legnica POL"]
[Date "2013.05.14"]
[Round "9"]
[White "Perunovic, Miodrag"]
[Black "Gebigke, Martin"]
[Result "1-0"]
[WhiteElo "2430"]
[BlackElo "2158"]
[EventDate "2013.05.05"]
[PlyCount "75"]

1.d4 Nf6 2.Nf3 e6 3.c4 b6 4.e3 Bb7 5.Bd3 Be7 6.Nc3 d5 7.O-O O-O 8.b3 c5 9.
Bb2 Na6 10.Rc1 Nc7 11.dxc5 bxc5 12.Qe2 Bd6 13.Rfd1 Qe7 14.e4 dxc4 15.Bxc4 
Bf4 16.Rb1 Rfd8 17.g3 Bh6 18.e5 Nfd5 19.Ne4 a5 20.h4 Ne3 21.Rxd8+ Rxd8 22.
Bd3 Nf5 23.Ba3 Nd5 24.Bxc5 Qc7 25.Ba3 Nc3 26.Nxc3 Qxc3 27.Rd1 Ra8 28.Be4 
Nxg3 29.fxg3 Be3+ 30.Kg2 Bxe4 31.Re1 Rd8 32.Qxe3 Rd2+ 33.Kg1 Qxe3+ 34.Rxe3
Bxf3 35.Rxf3 Rxa2 36.Bd6 Rd2 37.Bc7 Rd5 38.Kf2 1-0

[Event "14th EUR-ch"]
[Site "Legnica POL"]
[Date "2013.05.14"]
[Round "9"]
[White "Papasimakopoulos, Alexandros"]
[Black "Vesterbaek Pedersen, Nicolai"]
[Result "0-1"]
[WhiteElo "2242"]
[BlackElo "2406"]
[EventDate "2013.05.05"]
[PlyCount "92"]

1.d4 Nf6 2.c4 c5 3.d5 b5 4.cxb5 a6 5.f3 g6 6.e4 Bg7 7.e5 Ng8 8.f4 Nh6 9.
Nf3 O-O 10.Nc3 d6 11.Be2 Qb6 12.Be3 axb5 13.Nxb5 Ng4 14.Bg1 dxe5 15.b4 Na6
16.Nxe5 Nxe5 17.fxe5 Nxb4 18.Qd2 Bxe5 19.Rc1 Qa5 20.Bxc5 Nxd5 21.Qxa5 Rxa5
22.Bc4 Be6 23.O-O Rc8 24.Bd4 Rxb5 25.Bxb5 Bxd4+ 26.Kh1 Nc3 27.a4 Rc5 28.
Rc2 Bf5 29.Rd2 e5 30.Be8 h5 31.h3 Ne4 32.Rd3 Nf2+ 33.Rxf2 Bxf2 34.Rf3 Bd4 
35.Rf1 h4 36.Bb5 Rc2 37.Re1 Be4 38.Bf1 Bd5 39.a5 Bc4 40.a6 Bxf1 41.Rxf1 
Ra2 42.Kh2 Rxa6 43.g4 Ra2+ 44.Kh1 Ra1 45.Rxa1 Bxa1 46.g5 f5 0-1

[Event "14th EUR-ch"]
[Site "Legnica POL"]
[Date "2013.05.14"]
[Round "9"]
[White "Matsenko, Andrei"]
[Black "Tari, Aryan"]
[Result "1-0"]
[WhiteElo "2212"]
[BlackElo "2385"]
[EventDate "2013.05.05"]
[PlyCount "119"]

1.e4 c6 2.d4 d5 3.e5 Bf5 4.Nf3 e6 5.Be2 Ne7 6.O-O c5 7.Be3 Nec6 8.c4 dxc4 
9.Na3 c3 10.dxc5 Nd7 11.Qb3 cxb2 12.Rad1 Qc8 13.Qxb2 Bxc5 14.Rxd7 Bxa3 15.
Qxb7 O-O 16.Ba6 Ne7 17.Qxc8 Nxc8 18.Bb7 Rb8 19.Nd4 Nb6 20.Rc7 Bg6 21.Bf3 
Rbc8 22.Rxa7 Nc4 23.Nc6 Nxe3 24.fxe3 Bc5 25.Ne7+ Bxe7 26.Rxe7 Rc5 27.Ra7 
Rxe5 28.Kf2 Rc8 29.Rc1 Rb8 30.Rb7 Ra8 31.a4 h5 32.Rb5 Rxb5 33.axb5 Ra2+ 
34.Kg3 Rb2 35.Rc8+ Kh7 36.Rb8 e5 37.b6 h4+ 38.Kxh4 Rb4+ 39.Kg3 Be4 40.
Bxe4+ Rxe4 41.Kf3 Rb4 42.Ke2 Rb2+ 43.Kd3 Rxg2 44.Kc3 Rg1 45.Kc4 Rb1 46.Kd5
f6 47.Kc6 Rc1+ 48.Kb7 f5 49.Re8 e4 50.Ka7 Ra1+ 51.Kb8 Ra3 52.b7 Rxe3 53.
Kc7 Rb3 54.b8=Q Rxb8 55.Rxb8 e3 56.Re8 f4 57.Kd6 Kg6 58.Re5 Kf6 59.h4 Kg6 
60.Ke6 1-0

[Event "14th EUR-ch"]
[Site "Legnica POL"]
[Date "2013.05.14"]
[Round "9"]
[White "Pavlidou, Ekaterini"]
[Black "Przezdziecka, Marta"]
[Result "1-0"]
[WhiteElo "2209"]
[BlackElo "2302"]
[EventDate "2013.05.05"]
[PlyCount "107"]

1.d4 Nf6 2.c4 g6 3.Nc3 Bg7 4.e4 O-O 5.Nf3 c6 6.Bd3 d6 7.h3 Nbd7 8.Be3 e5 
9.d5 Nh5 10.Qd2 Nc5 11.Bc2 cxd5 12.Nxd5 Ne6 13.O-O-O b6 14.Bh6 Ba6 15.Bxg7
Nhxg7 16.Ne3 Rc8 17.Qxd6 Qxd6 18.Rxd6 Bxc4 19.Nxc4 Rxc4 20.Nxe5 Rc7 21.Kb1
Rfc8 22.Bb3 Nc5 23.Rhd1 Nge6 24.f3 Nxb3 25.axb3 Rc5 26.Nc4 Kg7 27.Rd7 R8c7
28.Rxc7 Rxc7 29.Nd6 Rc5 30.b4 Rc6 31.b5 Rc5 32.Rc1 Re5 33.g3 g5 34.Rd1 Kf8
35.b4 f6 36.Kb2 Nc7 37.f4 gxf4 38.gxf4 Rh5 39.f5 Rxh3 40.Rc1 Rh2+ 41.Kb3 
Rh3+ 42.Ka4 Ke7 43.Rxc7+ Kxd6 44.Rxa7 Ke5 45.Rb7 Kxe4 46.Rxb6 Kxf5 47.Rc6 
Re3 48.b6 Re8 49.Kb5 h5 50.b7 Rb8 51.Kb6 h4 52.Rc8 Rxb7+ 53.Kxb7 h3 54.b5 
1-0

[Event "14th EUR-ch"]
[Site "Legnica POL"]
[Date "2013.05.14"]
[Round "9"]
[White "Iwanow, Anna"]
[Black "Ivic, Mateo"]
[Result "1/2-1/2"]
[WhiteElo "2195"]
[BlackElo "2278"]
[EventDate "2013.05.05"]
[PlyCount "98"]

1.e4 e5 2.Nf3 Nc6 3.Bb5 a6 4.Ba4 Nf6 5.O-O Be7 6.Re1 b5 7.Bb3 O-O 8.c3 d6 
9.h3 Nb8 10.d4 Nbd7 11.Nbd2 Bb7 12.Bc2 Re8 13.Nf1 Bf8 14.Ng3 g6 15.a4 Bg7 
16.Bd3 c6 17.Be3 Qc7 18.Qc1 Nf8 19.dxe5 dxe5 20.c4 Rad8 21.Rd1 b4 22.c5 a5
23.Qc2 Bc8 24.Nd2 Ne6 25.Nc4 Bf8 26.Nb6 Nd4 27.Bxd4 exd4 28.Nxc8 Rxc8 29.
Qc4 Qe5 30.Rac1 Nd7 31.Ne2 Bxc5 32.Bb1 Bf8 33.f4 Qh5 34.Ba2 Re7 35.Nxd4 
Nb6 36.Qa6 Bh6 37.Qxb6 Bxf4 38.Nxc6 Rxe4 39.Qb7 Rc7 40.Qa8+ Kg7 41.Rd8 
Be3+ 42.Kh1 Bxc1 43.Rg8+ Kf6 44.Qd8+ Rce7 45.Qd6+ Kg5 46.Qc5+ Kf6 47.Qd6+ 
Kg5 48.Qc5+ Kf6 49.Qd6+ Kg5 1/2-1/2

[Event "14th EUR-ch"]
[Site "Legnica POL"]
[Date "2013.05.14"]
[Round "9"]
[White "Chubar, Vladimir"]
[Black "Duman, Aydin"]
[Result "1/2-1/2"]
[WhiteElo "2053"]
[BlackElo "2265"]
[EventDate "2013.05.05"]
[PlyCount "137"]

1.d4 Nf6 2.Nf3 g6 3.Bg5 Bg7 4.Nbd2 d6 5.e4 Nbd7 6.c3 h6 7.Bh4 Nh5 8.Bc4 g5
9.Bg3 e6 10.O-O Nxg3 11.fxg3 Qe7 12.Qe2 a6 13.a4 b6 14.Kh1 Bb7 15.Rf2 Nf6 
16.Raf1 Ng4 17.h3 Nxf2+ 18.Rxf2 c5 19.dxc5 bxc5 20.g4 Bc6 21.Bxa6 Bxa4 22.
Bd3 Bc6 23.Nc4 Ra1+ 24.Kh2 O-O 25.Bc2 d5 26.exd5 Bxd5 27.Qd3 Qc7+ 28.g3 
Rd8 29.Qh7+ Kf8 30.Ncd2 Qb7 31.Ne4 Qxb2 32.Ne5 f5 33.gxf5 Rh1+ 34.Kxh1 
Bxe4+ 35.Kh2 Qxc2 36.Rxc2 Bxc2 37.Ng6+ Kf7 38.Nh8+ Kf8 39.Ng6+ Kf7 40.Ne5+
Kf8 41.Ng6+ Kf7 42.Nh8+ Kf8 43.Qg6 Bxh8 44.Qxh6+ Bg7 45.Qxe6 Bxc3 46.f6 
Rd2+ 47.Kh1 Rd1+ 48.Kg2 Rd2+ 49.Kh1 Rd1+ 50.Kg2 Re1 51.Qc8+ Kf7 52.Qxc5 
Re2+ 53.Kf3 Bd1 54.Qd5+ Re6+ 55.Qxd1 Bxf6 56.Qd5 Ke7 57.Qc5+ Kf7 58.Qd5 
Ke7 59.Qb7+ Kd6 60.Qf7 Be7 61.Kg4 Re4+ 62.Kh5 Re6 63.Qf5 Kd7 64.Qf7 Rf6 
65.Qg8 Re6 66.Qb8 Rd6 67.Qb3 Kd8 68.h4 gxh4 69.gxh4 1/2-1/2

[Event "14th EUR-ch"]
[Site "Legnica POL"]
[Date "2013.05.14"]
[Round "9"]
[White "Henseler, Jorgen"]
[Black "Curic, Drazen"]
[Result "0-1"]
[WhiteElo "2093"]
[BlackElo "2258"]
[EventDate "2013.05.05"]
[PlyCount "58"]

1.e4 e5 2.Nf3 Qe7 3.Bc4 h6 4.O-O Nf6 5.Re1 g6 6.d4 d6 7.Nc3 c6 8.a4 Bg7 9.
Be3 O-O 10.h3 Nbd7 11.Qe2 Re8 12.Rad1 Nf8 13.dxe5 dxe5 14.Bb3 g5 15.Nh2 
Ne6 16.f3 Nh5 17.Bxe6 Bxe6 18.b3 Nf4 19.Qf2 Bxh3 20.Bc5 Qf6 21.g3 Ne6 22.
Bxa7 Rxa7 23.Qxa7 Nd4 24.Rxd4 exd4 25.Ne2 Qd6 26.Rd1 f5 27.c3 fxe4 28.fxe4
Rxe4 29.Rd2 d3 0-1

[Event "14th EUR-ch"]
[Site "Legnica POL"]
[Date "2013.05.14"]
[Round "9"]
[White "Lewtak, Damian"]
[Black "Pappelis, Dimitrios"]
[Result "1-0"]
[WhiteElo "2224"]
[BlackElo "2055"]
[EventDate "2013.05.05"]
[PlyCount "95"]

1.d4 d5 2.c4 e6 3.Nf3 c5 4.cxd5 exd5 5.g3 Nc6 6.Bg2 Nf6 7.O-O c4 8.Nc3 Be7
9.b3 O-O 10.bxc4 dxc4 11.Bb2 Bb4 12.Qc2 Re8 13.Rfd1 Ba5 14.a3 Bxc3 15.Bxc3
Nd5 16.Bb2 c3 17.Bxc3 Bf5 18.Qxf5 Nxc3 19.Ng5 Qf6 20.Qxh7+ Kf8 21.Qd3 
Nxe2+ 22.Qxe2 Rxe2 23.Nh7+ Ke7 24.Nxf6 Kxf6 25.Rac1 Na5 26.Rc5 Nb3 27.Rc3 
Nd2 28.Rd3 Nc4 29.Bxb7 Rd8 30.Ba6 Rc2 31.Bxc4 Rxc4 32.d5 Rd6 33.Kg2 a5 34.
h4 g6 35.f4 Re4 36.Rd4 Re3 37.R1d3 Re2+ 38.Kf3 Rc2 39.Ra4 Rc5 40.Ke4 Ke7 
41.g4 Rb6 42.f5 Kd6 43.fxg6 fxg6 44.Kf4 Rb1 45.Kg5 Rh1 46.Rf4 Rxd5+ 47.
Rxd5+ Kxd5 48.Ra4 1-0

[Event "14th EUR-ch"]
[Site "Legnica POL"]
[Date "2013.05.14"]
[Round "9"]
[White "Tomczak, Mikolaj"]
[Black "Posedaru, Bogdan"]
[Result "0-1"]
[WhiteElo "2002"]
[BlackElo "2339"]
[EventDate "2013.05.05"]
[PlyCount "67"]

1.e4 c5 2.Nf3 e6 3.d4 cxd4 4.Nxd4 Nf6 5.Nc3 d6 6.Be2 a6 7.O-O Be7 8.f4 Qc7
9.Kh1 O-O 10.Be3 b5 11.Bf3 Bb7 12.a3 Nc6 13.Qe1 Rfe8 14.Qg3 Bf8 15.e5 dxe5
16.fxe5 Nd7 17.Bh5 Nd8 18.Bf4 g6 19.Rad1 Bg7 20.Bf3 Bxe5 21.Bxe5 Qxe5 22.
Ndxb5 Qxg3 23.hxg3 Re7 24.Nd6 Bxf3 25.gxf3 Rb8 26.b4 Nc6 27.Kg2 f5 28.Rfe1
Nb6 29.Ne2 Ne5 30.Nd4 Rd8 31.Nb3 Red7 32.Rxe5 Rxd6 33.Rxd6 Rxd6 34.Re2 
    {...}
0-1

[Event "14th EUR-ch"]
[Site "Legnica POL"]
[Date "2013.05.14"]
[Round "9"]
[White "Lomsadze, Davit"]
[Black "Wenzel, Birger"]
[Result "1-0"]
[WhiteElo "2370"]
[BlackElo "2110"]
[EventDate "2013.05.05"]
[PlyCount "63"]

1.e4 d5 2.exd5 Qxd5 3.Nf3 Bg4 4.Be2 Nf6 5.O-O c6 6.c4 Qd8 7.d4 e6 8.Nc3 
Be7 9.Qb3 Qb6 10.Be3 Qxb3 11.axb3 Na6 12.h3 Bf5 13.g4 Bg6 14.Ra4 Nb4 15.
Ne5 Bc2 16.Ra5 Na6 17.Raa1 Nb4 18.Ra3 Na6 19.c5 Nb4 20.Rc1 Bg6 21.h4 Nd7 
22.Ra4 a5 23.Rca1 Nxe5 24.Rxb4 Nd3 25.Rxb7 Bxh4 26.b4 Bd8 27.b5 cxb5 28.
Nxb5 O-O 29.Nd6 e5 30.d5 Nf4 31.Bxf4 exf4 32.c6 1-0

[Event "14th EUR-ch"]
[Site "Legnica POL"]
[Date "2013.05.14"]
[Round "9"]
[White "Nikolaidis, Konstantinos"]
[Black "Guzewicz, Rafal"]
[Result "1/2-1/2"]
[WhiteElo "2238"]
[BlackElo "1942"]
[EventDate "2013.05.05"]
[PlyCount "82"]

1.Nf3 Nf6 2.d4 d5 3.c4 c6 4.Nc3 dxc4 5.a4 Na6 6.e3 Be6 7.Ne5 Nb4 8.Be2 g6 
9.a5 Bg7 10.Nxc4 Qc7 11.O-O O-O 12.Qa4 Nbd5 13.Bd2 Rfd8 14.Rfd1 Ne8 15.Ne4
Ndf6 16.Nc5 Bxc4 17.Qxc4 Nd6 18.Qc2 Nd7 19.Nb3 a6 20.Bb4 e6 21.Rac1 Rac8 
22.Bf1 Nb5 23.Be7 Re8 24.Bh4 Bf8 25.Bg3 Bd6 26.Bxd6 Qxd6 27.Nc5 Nxc5 28.
dxc5 Qc7 29.b4 Rcd8 30.g3 Qe7 31.Qb2 Nc7 32.h4 Rxd1 33.Rxd1 Rd8 34.Rxd8+ 
Qxd8 35.Qe5 Nd5 36.Qd4 Qf6 37.Qxf6 Nxf6 38.Bc4 Nd5 39.Bxd5 exd5 40.Kg2 f5 
41.f3 Kf7 1/2-1/2

[Event "14th EUR-ch"]
[Site "Legnica POL"]
[Date "2013.05.14"]
[Round "9"]
[White "Zahariev, Ognyan"]
[Black "Machan, Jan"]
[Result "0-1"]
[WhiteElo "1913"]
[BlackElo "2173"]
[EventDate "2013.05.05"]
[PlyCount "82"]

1.e4 e6 2.d4 d5 3.e5 c5 4.c3 Nc6 5.Be3 Nge7 6.Nf3 Nf5 7.Be2 Qb6 8.Qd2 cxd4
9.cxd4 Nxe3 10.fxe3 Be7 11.O-O Bd7 12.Nc3 f6 13.exf6 Bxf6 14.Rab1 O-O 15.
b4 Qd8 16.a4 Be8 17.b5 Na5 18.e4 Rc8 19.e5 Be7 20.Na2 Nc4 21.Bxc4 Rxc4 22.
Rb3 Rxa4 23.Nc3 Rb4 24.Rfb1 Rxb3 25.Rxb3 Bg6 26.b6 axb6 27.Na4 Be8 28.Nxb6
Bc6 29.Rb1 Qe8 30.Qd1 Qg6 31.Ra1 Qg4 32.Kh1 h6 33.Na4 Ra8 34.Nb2 Rxa1 35.
Qxa1 Qe4 36.Qf1 Ba3 37.Nd1 Qf4 38.Nf2 Qc1 39.Qg1 Bb5 40.Qxc1 Bxc1 41.Nd1 
Be2 0-1

[Event "14th EUR-ch"]
[Site "Legnica POL"]
[Date "2013.05.14"]
[Round "9"]
[White "Xylogiannopoulos, Antonios"]
[Black "Skytte, Torill"]
[Result "1-0"]
[WhiteElo "2147"]
[BlackElo "1922"]
[EventDate "2013.05.05"]
[PlyCount "154"]

1.d4 d5 2.c4 e6 3.Nc3 c5 4.Nf3 Nc6 5.e3 Nf6 6.Be2 Be7 7.O-O O-O 8.b3 b6 9.
cxd5 exd5 10.Bb5 Bb7 11.dxc5 Bxc5 12.Na4 Be7 13.Bb2 Ne4 14.Nc3 Bf6 15.Rc1 
Nb4 16.Qe2 a6 17.a3 axb5 18.axb4 Qe7 19.Nxb5 Ba6 20.Bxf6 Nxf6 21.Nfd4 Qxb4
22.Rc6 Rfb8 23.Rfc1 Nd7 24.Rc7 Nf6 25.Qe1 Qxe1+ 26.Rxe1 Bxb5 27.Nxb5 Rc8 
28.h3 Rxc7 29.Nxc7 Ra2 30.Rd1 Rb2 31.Nxd5 Rxb3 32.Nxb6 g6 33.Nd5 Nxd5 34.
Rxd5 h5 35.Kh2 Kg7 36.Rd6 Rb2 37.Kg3 Kh6 38.Kf3 Rb5 39.Rf6 Kg7 40.Rf4 g5 
41.Ra4 Kg6 42.Ra6+ f6 43.Kg3 h4+ 44.Kf3 Rf5+ 45.Ke2 Rb5 46.Ra8 Rb4 47.Rd8 
Ra4 48.Rd5 Rb4 49.Kf3 Ra4 50.Rd8 Rb4 51.Rd4 Rb5 52.g3 hxg3 53.fxg3 Ra5 54.
h4 gxh4 55.gxh4 Rb5 56.Kg4 Re5 57.Kf3 Ra5 58.Rf4 f5 59.Rd4 Kh5 60.Kg3 Re5 
61.Kf4 Ra5 62.Rd8 Kg6 63.Rd6+ Kh5 64.Rf6 Ra4+ 65.Kxf5 Kxh4 66.Rh6+ Kg3 67.
e4 Ra1 68.Rg6+ Kh4 69.e5 Kh5 70.Rg2 Rf1+ 71.Ke6 Re1 72.Kd6 Rd1+ 73.Ke7 Kh6
74.e6 Re1 75.Kd7 Rd1+ 76.Ke8 Ra1 77.e7 Rd1 1-0